00627nam a2200205Ia 450000500170000000800410001702000180005804100120007608200160008810000230010424500790012726000370020630000200024344000680026365000120033165000170034365000280036065000080038870000250039620260429111954.0260429s9999||||xx |||||||||||||| ||und|| a9783161639036 aEnglish a346.24bCAS aCasarosa, Federica 0aEnforcing private regulation in the platform economy / cFederica Casarosa aGermany : bMohr Siebeck,c2025. axv, 324 p.; pbk aStudies on Foreign and International Private Law (StudIPR); 542 a Europe a Private law a Regional organizations aLaw a Grochowski, Mateusz